000 00249nam a2200097Ia 4500
001 807719
005 20250826171236.0
008 250824s9999 xx 000 0 und d
245 0 _aHOLLYWOODU KAPATTIĞIM GÜN
_cALEV ALATLI
260 _bEVEREST YAYINLARI
999 _c807719
_d807719